Normal view
MARC view
- Laws and principles of quranic sociology
Entry Geographic Name
001 - CONTROL NUMBER
- control field: 105856
003 - CONTROL NUMBER IDENTIFIER
- control field: NUST
005 - DATE AND TIME OF LATEST TRANSACTION
- control field: 20221226095800.0
008 - FIXED-LENGTH DATA ELEMENTS
- fixed length control field: 221226|| aca||aabn | a|a d
040 ## - CATALOGING SOURCE
- Original cataloging agency: NUST
- Transcribing agency: NUST
151 ## - HEADING--GEOGRAPHIC NAME
- Geographic name: Laws and principles of quranic sociology
670 ## - SOURCE DATA FOUND
- Source citation: Work cat.: (NUST)184787: Dr.M.Basharat Ali, Laws and principles of Quranic sociology / , 1971
